Normal view
MARC view
- الخط العربي-دراسة وتعليم-اللغة العربية-قواعد الاملاء والهجاء
Entry Topical Term
001 - CONTROL NUMBER
- control field: 40681
003 - CONTROL NUMBER IDENTIFIER
- control field: JO-AjAnu
005 - DATE AND TIME OF LATEST TRANSACTION
- control field: 20230606080745.0
008 - FIXED-LENGTH DATA ELEMENTS
- fixed length control field: 230606|| aca||aabn | a|a d
040 ## - CATALOGING SOURCE
- Original cataloging agency: JO-AjAnu
- Transcribing agency: JO-AjAnu
150 ## - HEADING--TOPICAL TERM
- Topical term or geographic name entry element: الخط العربي-دراسة وتعليم-اللغة العربية-قواعد الاملاء والهجاء
670 ## - SOURCE DATA FOUND
- Source citation: Work cat.: (JO-AjAnu)20852: اعداد محمد عطا، إبراهيم؛ عبد اللطيف أحمد لطف الله, author 40680, الخط والإملاء تدريس وقواعد